书目信息 |
| 书名: | Physics | |
| 作者: | [by] Robert Resnick [and] David Halliday. | |
| 分册号: | ||
| 分册名: | 出版地: | New York : |
|
| 出版社: | Wiley | |
| 出版时间: | [1988]. | |
| 页数: | 2 v. : | |
| 开本: | 24 cm. | |
| 丛书名: | ||
| 中图分类号: | ||
| 科图分类号: | ||
| 其他分类号: | O4:H31 | |
| 主题词: | ||
| 电子资源: | ||
| 000 | 01040cam 2200277 p 4500 | |
| 001 | E0733050374 | |
| 003 | CaOON | |
| 005 | 20070207091347.06 | |
| 008 | 0701191988 nyua 00010 eng d | |
| 010 | @a66011527 //r822 | |
| 020 | @a0471717150 (v. 1). | |
| 040 | @aDLC@beng@cDLC@dCaOONL | |
| 050 | 00 | @aQC21@b.R42 |
| 090 | @aO4:H31 | |
| 099 | @dO4:H31@ex115:1 | |
| 100 | 1 | @aResnick, Robert,@d1923- |
| 245 | 10 | @aPhysics / @c[by] Robert Resnick [and] David Halliday. |
| 260 | @aNew York :@bWiley,@c[1988]. | |
| 300 | @a2 v. :@bill. ;@c24 cm. | |
| 500 | @a"Physics, part 2, is a revised printing of the second edition of Physics for students of science and engineering." In this part, Halliday's name appears first in the title page. | |
| 500 | @aFirst published in 1960 under title: Physics for students of science and engineering. | |
| 599 | @aLib has: v. 1. | |
| 650 | 0 | @aPhysics. |
| 700 | 1 | @aHalliday, David,@d1916- |
| 740 | 0 | @aPhysics for students of science and engineering. |
| 920 | @a232010@z2 | |
| Physics / / [by] Robert Resnick [and] David Halliday.-New York : : Wiley, , [1988]. |
| 2 v. : : ill. ; ; 24 cm. |
| "Physics, part 2, is a revised printing of the second edition of Physics for students of science and engineering." In this part, Halliday's name appears first in the title page.-First published in 1960 under title: Physics for students of science and engineering.-Lib has: v. 1. |
| ISBN 0471717150 (v. 1). |
| ● |
| 相关链接 |
|
|
|
|
正题名:Physics
索取号:O4:H31/x115:1
 
预约/预借
| 序号 | 登录号 | 条形码 | 馆藏地/架位号 | 状态 | 备注 |
| 1 | 49238 | 000451380 | 第四借阅区/ [索取号:O4:H31/x115:1] | 在馆 | |
| 2 | 49239 | 000451585 | 第四借阅区/ [索取号:O4:H31/x115:1] | 在馆 | |
| 3 | 49240 | 000451549 | 第四借阅区/ [索取号:O4:H31/x115:1] | 在馆 | |
| 4 | 49241 | 000451424 | 第四借阅区/ [索取号:O4:H31/x115:1] | 在馆 | |
| 5 | 49242 | 000451344 | 第四借阅区/ [索取号:O4:H31/x115:1] | 在馆 |